Loading...
| Philosophy | 0 | 3 | 0 | 0 | 30 | 82 | 97.00 | 0 | 0 | 2.52 | 9.19 |
| History - World | 0 | 2 | 0 | 1 | 20 | 94 | 98.00 | 0 | 0 | 0.71 | 5.30 |
| Science - Chemistry | 0 | 2 | 1 | 2 | 15 | 92 | 96.00 | 0 | 0 | 0.73 | 3.79 |
| Popular Culture | 0 | 1 | 0 | 0 | 10 | 58 | 58.00 | 0 | 0 | 7.88 | 12.50 |
| Science - Biology | 0 | 1 | 0 | 0 | 10 | 74 | 74.00 | 0 | 0 | 3.14 | 4.55 |
| Religion | 0 | 1 | 1 | 0 | 5 | 61 | 61.00 | 0 | 0 | 3.49 | 3.03 |
| Science - Physics | 0 | 1 | 2 | 1 | 0 | 108 | 108.00 | 0 | 0 | 0.00 | 1.40 |
| Mythology | 0 | 0 | 1 | 0 | -5 | 0.00 | 0 | 0 | 0.00 | 0.00 | |
| History - American | 0 | 0 | 1 | 0 | -5 | 0.00 | 0 | 0 | 0.00 | 0.00 | |
| Geography | 0 | 0 | 1 | 0 | -5 | 0.00 | 0 | 0 | 0.00 | 0.00 | |
| Fine Arts - Classical Music | 0 | 0 | 1 | 0 | -5 | 0.00 | 0 | 0 | 0.00 | 0.00 |